Worst US Cities - Statistics

General Stats
  • This quiz has been taken 101 times
  • The average score is 11 of 15
Answer Stats
Hint Answer % Correct
Once home to nearly 2 million people in the 1950s, as of the 2020 census, this city is only home to about 640k Detroit
93%
Filled with smog, also deals with wildfires Los Angeles
89%
The most corrupt city in the USA, was home to Prohibition gangster Al Capone Chicago
88%
Often criticized by media for its "extreme" political leanings, its Downtown has become hollowed out due to high rent costs. Fortunately, there is an even worse city across the Bay San Francisco
84%
Home to the country's highest murder rate, this Mississippi River city also has the highest violent crime rate out of any American city St Louis
80%
Suburban hell resides just north of this city, a presidential assassination also occurred in this city. Dallas
78%
Home to the Bass Pro Shops Pyramid, also a lot of aggravated assaults Memphis
73%
A bridge along the city's beltway collapsed here Baltimore
72%
In 2020, the Capitol Hill neighborhood was home to an "autonomous zone," judges in this city have recently become notorious for granting bail for just about anyone for any crime. Seattle
72%
"A whole city of people saying most things wrong" Boston
67%
"Our river catches on fire!" Cleveland
65%
The only major city with a wage tax, also home to Kensington Avenue Philadelphia
65%
The largest city by land area in the contiguous 48 states, also the largest city in its state by city proper population. Aside from its size, the only thing to do here is watch the awful NFL team. Jacksonville
55%
White women like to have bachelorette parties here Nashville
45%
Just about every highway here is tolled, except for the deadliest Interstate Highway in the country, also home to its state's largest tourist attraction. Orlando
40%
No matching quizzes found
Score Distribution
Percent of People with Each Score
Percentile by Number Answered
Your Score History
You have not taken this quiz